LEADER 03228nam 22007574a 450 001 9910967247003321 005 20081013040131.0 010 $a9786613035493 010 $a9781283035491 010 $a1283035499 010 $a9780822390282 010 $a0822390280 024 7 $a10.1515/9780822390282 035 $a(CKB)1000000000757455 035 $a(EBL)1170463 035 $a(OCoLC)262328121 035 $a(SSID)ssj0000391639 035 $a(PQKBManifestationID)12130396 035 $a(PQKBTitleCode)TC0000391639 035 $a(PQKBWorkID)10346472 035 $a(PQKB)10479540 035 $a(MiAaPQ)EBC1170463 035 $a(OCoLC)1139383464 035 $a(MdBmJHUP)muse78818 035 $a262328121 035 $a(DE-B1597)554188 035 $a(DE-B1597)9780822390282 035 $a(OCoLC)1224278053 035 $a(Perlego)1466632 035 $a(EXLCZ)991000000000757455 100 $a20081013d2008 uy 0 101 0 $aeng 135 $aur|n|---||||| 181 $ctxt 182 $cc 183 $acr 200 10$aBlack behind the ears $eDominican racial identity from museums to beauty shops /$fGinetta E.B. Candelario 210 $aDurham $cDuke University Press$d2007 215 $a1 online resource (359 p.) 225 1 $ae-Duke books scholarly collection 300 $aDescription based upon print version of record. 311 08$a9780822340188 311 08$a0822340186 311 08$a9780822340379 311 08$a0822340372 320 $aIncludes bibliographical references (p. [297]-322) and index. 327 $aIntroduction : "We declare that we are Indians" : Dominican identity displays and discourses in travel writing, museums, beauty shops, and bodies -- "It is said that Haiti is getting blacker and blacker" : traveling narratives of Dominican identity -- "The Africans have no [public] history" : the Museo del Hombre Dominicano and indigenous displays of Dominican identity -- "I could go the African American route" : Dominicans in the black mosaic of Washington, D.C. -- "They are taken into account for their opinions" : making community and displaying identity at a Dominican beauty shop in New York City -- "Black women are confusing, but the hair lets you know" : perceiving the boundaries of Dominicanidad -- Conclusion : "Black behind the ears, and up front, too" : ideological code switching and ambiguity in Dominican identities. 330 $aAn innovative historical and ethnographic examination of Dominican identity formation in the Dominican Republic and the United States. 410 0$ae-Duke books scholarly collection. 606 $aBlack people$xRace identity$zDominican Republic 606 $aEthnicity$zDominican Republic 606 $aNational characteristics, Dominican 615 0$aBlack people$xRace identity 615 0$aEthnicity 615 0$aNational characteristics, Dominican. 676 $a305.896/07293 676 $a305.89607293 686 $aZG 8640$2rvk 700 $aCandelario$b Ginetta E. B$01807293 801 0$bMiAaPQ 801 1$bMiAaPQ 801 2$bMiAaPQ 906 $aBOOK 912 $a9910967247003321 996 $aBlack behind the ears$94356926 997 $aUNINA